Incognita ; or, Love and duty reconcil'd /

Bibliographic Details
Main Author: Congreve, William, 1670-1729
Other Authors: Brett-Smith, H. F. B. (Herbert Francis Brett)
Format: Book
Language:English
Published: Oxford : B. Blackwell, 1922.
Series:The Percy reprints, no. 5

MARC

Tag First Indicator Second Indicator Subfields
LEADER 00000cam a2200000 4500
001 in00000021253
005 20151007062241.0
008 771110r19221692enkh b 00011 eng
010 |a  22023406  
035 |a (OCoLC)03408620 
035 |9 AAD4346AM 
040 |a DLC  |c LRU  |d TXA  |d UtOrBLW 
049 |a TXAM  |c [186713] 
050 0 0 |a PR3364  |b .I5 
092 |a 823  |b C749i 
100 1 |a Congreve, William,  |d 1670-1729. 
245 1 0 |a Incognita ;  |b or, Love and duty reconcil'd /  |c by William Congreve; ed. by H. F. B. Brett-Smith. 
264 1 |a Oxford :  |b B. Blackwell,  |c 1922. 
300 |a xviii, 71 pages, 1 unnumbered page including facsim. ;  |c 20 cm. 
336 |a text  |b txt  |2 rdacontent 
337 |a unmediated  |b n  |2 rdamedia 
338 |a volume  |b nc  |2 rdacarrier 
490 0 |a The Percy reprints, no. 5 
500 |a Reprint of the first edition of 1692, with facsimile of original t.-p.: Incognita: or, Love and duty reconcil'd. A novel. London, 1692. 
504 |a "Bibliographical note": pages xv-xviii. 
700 1 |a Brett-Smith, H. F. B.  |q (Herbert Francis Brett) 
730 0 |a Percy reprints.  |n No. 5. 
999 |a MARS 
999 f f |s 1500522e-c83d-3753-98f9-47c753cc8336  |i 16f70c0a-eb18-3426-866b-e51d0e3294c9  |t 0 
952 f f |p normal  |a Texas A&M University  |b College Station  |c Sterling C. Evans Library  |d Evans: Library Stacks  |t 0  |e PR3364 .I5  |h Library of Congress classification  |i unmediated -- volume  |m A14801315023 
998 f f |a PR3364 .I5  |t 0  |l Evans: Library Stacks